Loading...
| Social Science | 0 | 7 | 0 | 1 | 70 | 49 | 102.71 | 1 | 2 |
| Fine Arts - Classical Music | 0 | 8 | 5 | 0 | 55 | 86 | 112.25 | 0 | 0 |
| Painting & Sculpture | 0 | 6 | 2 | 0 | 50 | 82 | 92.50 | 0 | 1 |
| Any History | 0 | 4 | 0 | 0 | 40 | 58 | 106.25 | 0 | 1 |
| Science - Chemistry | 0 | 4 | 2 | 0 | 30 | 98 | 105.50 | 0 | 0 |
| Literature - European Literature | 0 | 2 | 0 | 0 | 20 | 93 | 102.50 | 0 | 1 |
| History - European History | 0 | 2 | 0 | 0 | 20 | 113 | 116.00 | 0 | 0 |
| Science - Physics | 0 | 2 | 1 | 1 | 15 | 91 | 98.00 | 0 | 0 |
| Science - Biology | 0 | 3 | 3 | 1 | 15 | 81 | 103.67 | 0 | 0 |
| Geography | 0 | 1 | 0 | 1 | 10 | 144 | 144.00 | 0 | 0 |
| Literature - British Literature | 0 | 1 | 0 | 0 | 10 | 117 | 117.00 | 0 | 0 |
| Literature - World Literature | 0 | 1 | 0 | 0 | 10 | 120 | 120.00 | 0 | 0 |
| Philosophy | 0 | 1 | 0 | 0 | 10 | 103 | 103.00 | 0 | 0 |
| Current Events | 0 | 1 | 0 | 0 | 10 | 62 | 62.00 | 0 | 0 |
| Literature - American Literature | 0 | 1 | 1 | 0 | 5 | 85 | 85.00 | 0 | 0 |
| Other Academic | 0 | 1 | 1 | 1 | 5 | 162 | 162.00 | 0 | 0 |
| Science - Other Science | 0 | 2 | 3 | 1 | 5 | 121 | 127.00 | 0 | 0 |
| History - World History | 0 | 1 | 2 | 0 | 0 | 61 | 61.00 | 1 | 1 |
| History - American History | 0 | 1 | 2 | 0 | 0 | 124 | 124.00 | 0 | 0 |
| Fine Arts - Other Fine Arts | 0 | 2 | 4 | 0 | 0 | 65 | 87.00 | 0 | 1 |
| Religion | 0 | 0 | 1 | 0 | -5 | 0.00 | 0 | 0 | |
| Mythology | 0 | 0 | 2 | 0 | -10 | 0.00 | 0 | 0 |